| 000 | 00450nam a2200157 i 4500 | ||
|---|---|---|---|
| 001 | bg | ||
| 245 | 0 |
_aGenom organizmów zwierzęcych : _bstruktura i transkrypcja / _cPod red. Mieczysława Chorążego. |
|
| 260 |
_aWarszawa : _bPaństw. Wydawn. Nauk., _c1978. |
||
| 300 |
_as. 123 : _brys., tab. |
||
| 504 | _a[Zawiera bibliogr.]. | ||
| 040 | _cBPK | ||
| 041 | _apol | ||
| 080 | _a577.1 | ||
| 942 | _cKS | ||
| 008 | s pl f |000 0 pol | ||
| 999 |
_c18073 _d18073 |
||
| 856 |
_uhttp://koha.tu.koszalin.pl/cgi-bin/koha/opac-detail.pl?biblionumber=18073 _yKatalog online BPK |
||